The Cambridge introduction to creative writing/ (Record no. 78131)

MARC details
000 -LEADER
fixed length control field 00656nam a22001937a 4500
005 - DATE AND TIME OF LATEST TRANSACTION
control field 20230724164313.0
010 ## - LCCN (DPL NO)
LC control number ENG-108163 ENG-137149
020 ## - INTERNATIONAL STANDARD BOOK NUMBER
International Standard Book Number 9780521730778
Terms of availability 395.00
035 ## - SYSTEM CONTROL NUMBER
System control number EN-91696 EN-120681
037 ## - SOURCE OF ACQUISITION
Source of stock number/acquisition DBAD/PUB
082 ## - DEWEY DECIMAL CLASSIFICATION NUMBER
Classification number 808.042
100 ## - MAIN ENTRY--PERSONAL NAME
Personal name Morley, David
245 10 - TITLE STATEMENT
Title The Cambridge introduction to creative writing/
Statement of responsibility, etc by David Morley
260 ## - PUBLICATION, DISTRIBUTION, ETC. (IMPRINT)
Place of publication, distribution, etc New Delhi
Name of publisher, distributor, etc Cambridge University Press
Date of publication, distribution, etc 2010(repr.)
270 ## - ADDRESS
Address 4381/4, Ansari Road, Daryaganj
City New Delhi
Postal code 110002
300 ## - PHYSICAL DESCRIPTION
Extent xvi,273p. :
Dimensions 23cm(pbk)
Other physical details ill.
500 ## - GENERAL NOTE
General note Includes bibliographical references and index
942 ## - ADDED ENTRY ELEMENTS (KOHA)
Source of classification or shelving scheme Dewey Decimal Classification
Item type English Books
Call number suffix MOR
Classification part 808.042
Holdings
Withdrawn status Lost status Not for loan Collection code Home library Current library Date acquired Source of acquisition Cost, normal purchase price Full call number Barcode Copy number Cost, replacement price Koha item type
    Not For Loan Non-fiction D.B.Act.Division D.B.Act.Division 29/07/2013 DBAD/PUB 395.00 808.042 MOR EN-91696 1 395.00 English Books
      Non-fiction Narela Narela 19/06/2023 DBAD/PUB 395.00 808.042 MOR EN-120681 1 395.00 English Books

© Delhi Public Library
Hit Counter
free hit counter